000 00481nam a2200205Ia 4500
003 OSt
005 20220927114240.0
006 a|||||r|||| 00| 0
007 ta
008 220926b |||||||| |||| 00| 0 eng d
024 _a150817
037 _cTextbook
040 _aRTL
_cRTL
_beng
041 _2eng
_aeng
082 _a"Y, TD"
100 _aWEBER E
_9387882
245 0 _aPeasants in the Frenchmen
942 _h"Y, TD"
_cCC
999 _c703732
_d703732